[Event "Hannover Ihme Cup"]
[Site "Hannover"]
[Date "2016.05.21"]
[Round "2"]
[White "Krieger, Alexander"]
[Black "Knoke, Tobias"]
[Result "0-1"]
[WhiteElo "1766"]
[BlackElo "2022"]
[PlyCount "58"]
[EventDate "2016.05.20"]
[EventType "swiss"]
[EventRounds "5"]
[EventCountry "GER"]
[SourceTitle "CBM 189 Extra"]
[Source "ChessBase"]
[SourceDate "2019.06.03"]
[SourceVersion "1"]
[SourceVersionDate "2019.06.03"]
[SourceQuality "1"]

1. c4 e5 2. Nc3 Nc6 3. g3 g6 4. Bg2 Bg7 5. Rb1 a5 6. Qa4 Nge7 7. b4 0-0 8. b5 Nd4 9. e3 Ne6 10. Nge2 f5 11. 0-0 f4 12. f3 d6 13. Ba3 Bh6 14. e4 fxg3 15. hxg3 Bxd2 16. Qd1 Be3+ 17. Kh1 g5 18. Qd3 Ba7 19. Na4 Qe8 20. g4 Ng6 21. Bc1 h5 22. Be3 Ngf4 23. Nxf4 Nxf4 24. Qd2 Bxe3 25. Qxe3 hxg4 26. c5 Qh5+ 27. Kg1 g3 28. Rfc1 Qh2+ 29. Kf1 Qxg2+ 0-1

[Event "Solingen Karneval op"]
[Site "Solingen"]
[Date "2014.03.02"]
[Round "4"]
[White "Krieger, Alexander"]
[Black "Taeger, Torsten"]
[Result "0-1"]
[WhiteElo "1737"]
[BlackElo "2068"]
[PlyCount "80"]
[EventDate "2014.02.28"]
[EventType "swiss"]
[EventRounds "5"]
[EventCountry "GER"]
[SourceTitle "EXT 2016"]
[Source "ChessBase"]
[SourceDate "2015.10.08"]
[SourceVersion "1"]
[SourceVersionDate "2015.10.08"]
[SourceQuality "1"]

1. e4 d6 2. d4 Nf6 3. Bd3 e5 4. Ne2 Nc6 5. d5 Nb4 6. c4 a5 7. Nbc3 Nxd3+ 8. Qxd3 Be7 9. h3 0-0 10. 0-0 Nh5 11. g4 Nf6 12. f4 exf4 13. Bxf4 Nd7 14. Qg3 Bh4 15. Qg2 Nc5 16. Nd4 Bg5 17. Nf5 Bxf4 18. Rxf4 Nd3 19. Rff1 Ne5 20. b3 Bd7 21. a4 Qg5 22. Qg3 h5 23. Rf4 hxg4 24. hxg4 g6 25. Ne3 Nd3 26. Rff1 Rae8 27. e5 Qxe5 28. Qxe5 Rxe5 29. Ng2 Bxg4 30. Nb5 Re7 31. Ra2 Nc5 32. Rb2 Bh3 33. Nd4 Rfe8 34. Rf3 Bxg2 35. Rxg2 Rd7 36. Nf5 Kf8 37. Rh3 gxf5 38. Rh8+ Ke7 39. Re2+ Ne4 40. Rxe8+ Kxe8 0-1

[Event "Solingen Karneval op"]
[Site "Solingen"]
[Date "2014.03.01"]
[Round "3"]
[White "Goerke, Joachim"]
[Black "Krieger, Alexander"]
[Result "1/2-1/2"]
[WhiteElo "2096"]
[BlackElo "1737"]
[PlyCount "168"]
[EventDate "2014.02.28"]
[EventType "swiss"]
[EventRounds "5"]
[EventCountry "GER"]
[SourceTitle "EXT 2016"]
[Source "ChessBase"]
[SourceDate "2015.10.08"]
[SourceVersion "1"]
[SourceVersionDate "2015.10.08"]
[SourceQuality "1"]

1. e4 c6 2. c4 d5 3. exd5 cxd5 4. cxd5 Qxd5 5. Nc3 Qa5 6. d4 Nf6 7. Bc4 e6 8. Nf3 Ne4 9. Qc2 Nxc3 10. bxc3 a6 11. Bf4 Nd7 12. 0-0 Nf6 13. d5 Nxd5 14. Bxd5 Qxd5 15. Rfd1 Qa5 16. Be5 Bd7 17. Re1 f6 18. Bg3 Kf7 19. Nd4 Bc5 20. Nb3 Qa4 21. Qe2 Bb6 22. Rad1 e5 23. c4 Rac8 24. Qh5+ g6 25. Qh4 Be6 26. Qe4 Qc6 27. Qxc6 Rxc6 28. c5 Bxc5 29. Nxc5 Rxc5 30. f4 exf4 31. Bxf4 Rc2 32. Rd6 Re8 33. a3 Rc6 34. Rxc6 bxc6 35. Rb1 Bc4 36. Rb4 Re4 37. Rb7+ Ke6 38. Bh6 Rh4 39. Rxh7 g5 40. g3 Rh5 41. Rh8 Kf7 42. Bg7 Rxh8 43. Bxh8 Bd5 44. Kf2 c5 45. Ke3 Ke6 46. Bg7 Kf7 47. Bh8 a5 48. Kd3 Ke6 49. Bg7 Ke5 50. Bf8 c4+ 51. Kc3 g4 52. Bg7 Ke6 53. Kd4 Kd6 54. Bxf6 Kc6 55. a4 Be6 56. Bd8 Kd6 57. Bxa5 Kc6 58. Bc3 Kb6 59. Ke5 Bc8 60. Kd5 Ba6 61. Bb4 Kc7 62. Kc5 Kb7 63. Bc3 Kc7 64. Bd4 Kd7 65. Kb6 Bc8 66. Kb5 Kd6 67. Kxc4 Ba6+ 68. Kb4 Kd5 69. Bf6 Kc6 70. Be7 Bf1 71. Kc3 Kb6 72. Bb4 Ka6 73. Kd2 Kb6 74. Ke3 Ka6 75. Kf2 Bh3 76. Bd2 Kb6 77. a5+ Kb5 78. Ke3 Bg2 79. Kf4 Bh3 80. Ke5 Bg2 81. Kd6 Bf3 82. Kc7 Ka6 83. Kd6 Bg2 84. Ke5 Bh3 1/2-1/2